[Event "Aix les Bains op 1st"]
[Site "Aix les Bains"]
[Date "2014.08.10"]
[Round "4"]
[White "David, Pierre Yves"]
[Black "Budin, Florent"]
[Result "0-1"]
[WhiteElo "1788"]
[BlackElo "1903"]
[PlyCount "38"]
[EventDate "2014.08.10"]
[EventType "swiss"]
[EventRounds "7"]
[EventCountry "FRA"]
[SourceTitle "CBM 161 Extra"]
[Source "ChessBase"]
[SourceDate "2014.08.29"]
[SourceVersion "1"]
[SourceVersionDate "2014.08.29"]
[SourceQuality "1"]

1. e4 e6 2. d4 c5 3. d5 exd5 4. exd5 d6 5. Nf3 Be7 6. c4 Nf6 7. Nc3 0-0 8. Bd3 Bg4 9. 0-0 Nbd7 10. b3 Re8 11. Bb2 Bf8 12. Be2 Rxe2 13. Nxe2 Bxf3 14. gxf3 Nh5 15. Ng3 Nf4 16. Qd2 Qh4 17. Rae1 g6 18. Qc3 Ne5 19. Rxe5 Qh3 0-1

[Event "Dauphine Savoie-ch"]
[Site "Eybens Chambery"]
[Date "2014.05.25"]
[Round "2"]
[White "Menard, Baptiste"]
[Black "Budin, Florent"]
[Result "1/2-1/2"]
[WhiteElo "2005"]
[BlackElo "1906"]
[PlyCount "119"]
[EventDate "2014.05.24"]
[EventType "swiss"]
[EventRounds "7"]
[EventCountry "FRA"]
[SourceTitle "EXT 2015"]
[Source "ChessBase"]
[SourceDate "2014.11.20"]
[SourceVersion "1"]
[SourceVersionDate "2014.11.20"]
[SourceQuality "1"]

1. Nf3 d5 2. d4 f5 3. Bf4 Nf6 4. e3 e6 5. c4 c6 6. Bd3 Be7 7. Nc3 0-0 8. Ne5 Ne4 9. f3 Nd6 10. Qe2 Nd7 11. 0-0-0 Qa5 12. Kb1 Nxe5 13. Bxe5 Nf7 14. f4 Bb4 15. Qc2 Bxc3 16. Qxc3 Qxc3 17. bxc3 Nxe5 18. fxe5 b5 19. c5 a5 20. Kc2 Ba6 21. g3 Rfb8 22. a3 a4 23. Kd2 Rf8 24. Ke2 Bc8 25. Rdf1 Bd7 26. h3 g6 27. g4 Rf7 28. g5 Raf8 29. Rhg1 Kg7 30. Rf4 Rh8 31. Kf2 Rff8 32. h4 Be8 33. Be2 Rfg8 34. Kg3 h5 35. gxh6+ Kxh6 36. Kh3 Rg7 37. Rg5 Rhg8 38. Rg2 Bf7 39. Rg5 Be8 40. Rf1 Bf7 41. Rb1 Be8 42. Kg3 Rh8 43. Kf4 Kh7 44. Rbg1 Kg8 45. h5 Rhh7 46. Bf3 gxh5 47. Rxg7+ Rxg7 48. Rxg7+ Kxg7 49. Kg5 h4 50. Kxh4 Kh6 51. Be2 Bf7 52. Bd3 Be8 53. Bf1 Bf7 54. Bg2 Be8 55. Bh3 Bf7 56. Kg3 Kg5 57. Bf1 Be8 58. Bd3 Bh5 59. Bf1 Be8 60. Bd3 1/2-1/2